000 00542nam a2200181Ia 4500
008 090124s9999 xx 000 0 und d
082 _b11794
100 _aरेटर नाना
245 _a इबलिस काट्टं
250 _a1
260 _bचंद्रकांत प्रकाशन
_c1976
300 _a60
600 _aरेटर नाना
630 _a इबलिस काट्टं
700 _aरेटर नाना
730 _a इबलिस काट्टं
942 _cBOOK
999 _c86020
_d86020